000
00333nam a2200133Ia 4500
008
240624s9999 xx 000 0 und d
041
_a
eng
082
_a
153.8 THI
100
_a
THEIL PETER
245
_a
ZERO TO ONE NOTES ON START UPS OR HOW TO
260
_c
2014
_a
New Delhi
_b
Random House
300
_a
320 : p.
365
_c
RS
_b
25
999
_c
24257
_d
24257